Datum a čas kvízu
21
Celkem bodů
Celkový počet nahraných bodů na tomto kvízu bez doplňovacích otázek.
6.
Pořadí na kvízu
Konečné umístění týmu na tomto kvízu.
Zaznamenané odpovědi
| # | Otázka | Odpověď | Body | Výsledky |
|---|---|---|---|---|
| 1. | Dopravní podnik hlavního města... | o bezkontaktní platební terminály | 0 | |
| 2. | Do boje o Bílý dům se minulý t... | Joe Biden | 0 | |
| 3. | Vzácná kytara, kterou si zakou... | George Harrison | 0 | |
| 4. | Osm sdílených elektrických kol... | Do systému se nabourala skupina hackerů. | 1 | |
| 5. | Jak se jmenují dva finalisté f... | Slavia Praha, Baník Ostrava | 0 | |
| 6. | Na obrázku vidíme jedno z nejs... | Frísko | 0 | |
| 7. | Jak se jmenuje bývalá nizozems... | Beatrix | 1 | |
| 8. | Nizozemsko se může pyšnit slav... | Hieronymus Bosch | 0 | |
| 9. | Nadnárodní společnost, která s... | Ahold | 1 | |
| 10. | Mezi nejoblíbenější sporty v N... | Hendrik Johannes Cruijff (Johan Cruyff) | 0 |